Central Library OPAC University of Rajshahi

Chemical process economics in practice; (Record no. 3362)

MARC details
000 -LEADER
fixed length control field 01099nam a22002772a 4500
001 - CONTROL NUMBER
control field 3362
003 - CONTROL NUMBER IDENTIFIER
rucl marc code UkOxU
005 - DATE AND TIME OF LATEST TRANSACTION
control field 20211208233722.0
008 - FIXED-LENGTH DATA ELEMENTS--GENERAL INFORMATION
fixed length control field 131218s1956 xx 000 0 eng u
035 ## - SYSTEM CONTROL NUMBER
System control number OCLC ocm00400803 from D950505M
040 ## - CATALOGING SOURCE
Original cataloging agency AKR
Modifying agency UKM
-- EQO
Language of cataloging eng
Transcribing agency BD-RjUL
041 ## - LANGUAGE CODE
Language code of text/sound track or separate title eng
082 ## - DEWEY DECIMAL CLASSIFICATION NUMBER
Classification number 657
Author mark and year HUC
100 1# - MAIN ENTRY--PERSONAL NAME
Personal name Hur, J. James.
9 (RLIN) 10568
245 10 - TITLE STATEMENT
Title Chemical process economics in practice;
Remainder of title a collection of papers originally presented in Philadelphia, Pa., in April, 1956, under the auspices of the Philadelphia-Wilmington Section of the American Institute of Chemical Engineers and the School of Chemical
260 ## - PUBLICATION, DISTRIBUTION, ETC. (IMPRINT)
Place of publication, distribution, etc. New York :
Name of publisher, distributor, etc. Reinhold,
Date of publication, distribution, etc. 1956
300 ## - PHYSICAL DESCRIPTION
Pagination iv, 115 p.
Illustrations illus.
Size 20 cm
504 ## - BIBLIOGRAPHY, ETC. NOTE
Bibliography, etc Includes bibliographies
650 #0 - SUBJECT ADDED ENTRY--TOPICAL TERM
Topical term or geographic name as entry element Chemical industry
9 (RLIN) 10569
Topical term or geographic name as entry element Chemical industry
General subdivision Accounting
9 (RLIN) 10570
710 2# - ADDED ENTRY--CORPORATE NAME
Corporate name or jurisdiction name as entry element American Institute of Chemical Engineers.
Subordinate unit Philadelphia-Wilmington Section.
9 (RLIN) 10571
Corporate name or jurisdiction name as entry element University of Pennsylvania.
Subordinate unit School of Chemical Engineering.
9 (RLIN) 10572
942 ## - ADDED ENTRY ELEMENTS (KOHA)
Source of classification or shelving scheme Dewey Decimal Classification
Koha item type Books
Holdings
Lost status Source of classification or shelving scheme Damaged status Not for loan Collection code Permanent Location Current Location Shelving location Date acquired Source of acquisition Total Checkouts Full call number Date last seen Copy number Koha item type
  Dewey Decimal Classification   Not For Loan Non-fiction Central Library, University of Rajshahi Central Library, University of Rajshahi Reading Room 06/04/1962 ASIA FOUNDATION   657 HUC 1956 18/12/2013 C-1 Books